000 01111nam a22002777a 4500
005 20240530110452.0
008 150219s2006 ua od a 001 0 ara d
017 _a18769/2006
_bمصر . دار الكتب المصرية
020 _a9771436309
040 _aEG-CaGPL
041 0 _aara
082 0 4 _221
_a637.4
_bط/ت ن
100 1 _aتوماس ، ستيفن
_eستيفن توماس
245 1 0 _aمن البقر الى الايس كريم :
_bالامداد بالسلع /
_cتاليف ستيفن توماس ؛ ترجمة مجدى غنيم ؛ اشراف داليا محمد ابراهيم
250 _aط1
260 _aالقاهرة :
_bنهضة مصر للطباعة والنشر والتوزيع ،
_c2006
300 _a32 ص :
_bايض ؛
_c25 سم
490 0 _aناشيونال جيوجرافيك
650 0 4 _aالجيلاتى
_xصناعة وتجارة
650 0 4 _aالحلوى
650 0 4 _aالمثلجات
700 0 _aمجدى غنيم
_eمترجم
700 0 _aداليا محمد ابراهيم
_eمشرف
942 _2ddc
_cBK
999 _c61281
_d61281